01480nam a2200277 a 450000100100000000500170001000800410002704000250006808200210009310000380011424501400015225000140029226000450030630000350035150000660038650400270045250501880047965000460066765000450071391000400075804900090079895201340080795201250094195201190106699900170118500003890620201002031420.0130502s1979 dr ab 001 0 spa d aDO-SdBNPbspacBNPHU a910bV743m, 19791 aVincent Cepeda, Rosa Amelia9121310aManual de geografía universal y especial de América :bprimer curso de educación media (7° curso) /cRosa Amelia Vincent Cepeda. a[2ª ed.] aSanto Domingo :bAmigo del Hogar,c1979. a223 p. :bil., mapas ;c23 cm. aEn la portada: Desarrollo del programa oficial de la reforma. aBibliografía: p.223.0 tLa tierra como parte del sistema solar --tCaracterísticas físicas de la tierra --tEl hombre de la tierra. ECUMENE --tAmérica, un mundo de grandes contrastes.gBibliografía. 4aGeografía universalxEnseñanza965153 4aGeografía físicaxEnseñanza965154 aValidado. Control de la calidad EMS aBNPD 001154708DSaGRbGRcMId2014-04-03iLF1l0o910 V743m, 1979p38906-30r2020-06-25te. 3w2020-06-25yLFDSZPréstamo en sala 0010718PDaPDbPDcHDd2013-05-02iLF1l0o910 V743m, 1979p38906-20r2020-06-25te. 2w2020-06-25yLFPDZNo se presta 0010718PDaPDbPDcHDd2013-05-02iLF1l0o910 V743m, 1979p38906-10r2020-06-25w2020-06-25yLFPDZNo se presta c38396d38396